000 00775nam a2200241 4500
003 OSt
005 20260530115320.0
008 260508b2002 |||||||| |||| 00| 0 spa d
020 _a9874348593
040 _aICI
_bspa
_cICI
_erda
041 _aspa
050 _aNK1169.8.A7
_bD57 2015
100 _aHeiner Jacob, Silvia Fernández, Javier de Ponti, Valentina Mangioni, Alejandra Gaudio
_eautor
_934261
245 _aDiseño
_b Hfg Ulm, América Latina, Argentina, La Plata
264 _aArgentina
_bLos autores
_c2002
300 _a137 Páginas
336 _2rdacontent
_atexto
337 _2rdamedia
_asin medio
338 _2rdacarrier
_avolumen
650 _aDiseño industrial
_xEnseñanza
_zArgentina.
_934262
700 _aGui Bonsiepe
_ePrólogo
942 _2lcc
_n1
_cBK
999 _c13734
_d13734